Villes du Portugal - Mort subite - Statistiques

Statistiques générales
  • Ce quiz a été pris 1 621 fois
  • Le résultat moyen est 10 sur 20
Answers on the Grid
Answers color-coded by a green-red scale on the quiz's grid according to % correct below.
Lisbonne
Vila Nova de Gaia
Porto
Amadora
Braga
Almada
Coimbra
Funchal
Setúbal
Guimarães
Aveiro
Faro
Viseu
Ponta Delgada
Portimão
Nazaré
Estoril
Queluz
Amora
Arouca
Rio de Janeiro
Manaus
Brasilia
Saldanha
Vigo
Alicante
Pasteis
Ronaldo
Elche
Vitoria-Gasteiz
Bissau
Maputo
Benfica
Lugo
Las Palmas
Fortaleza
 
Statistiques - réponses
Réponse % Correct
Porto
76%
Lisbonne
75%
Faro
71%
Braga
70%
Guimarães
63%
Coimbra
62%
Portimão
61%
Aveiro
59%
Nazaré
59%
Viseu
57%
Setúbal
56%
Funchal
54%
Vila Nova de Gaia
51%
Estoril
48%
Arouca
41%
Amadora
36%
Almada
35%
Ponta Delgada
32%
Amora
26%
Queluz
16%
Aucun quiz correspondant
Distribution des résultats
% des personnes avec chaque résultat
Percentile par nombre de réponses
Votre historique - résultats
Vous n’avez pas pris ce quiz